[Event "Phillips&Drew"]
[Site "London"]
[Date "1982.??.??"]
[Round "?"]
[White "Ljubojevic, Ljubomir"]
[Black "Spassky, Boris V"]
[Result "1-0"]
[WhiteElo "2645"]
[BlackElo "2605"]

1.e4 e5 2.Nf3 Nc6 3.Bb5 Nd4 4.Nxd4 exd4 5.O-O c6 6.Bc4 g6 7.c3 Bg7 8.Qf3 Qe7
9.d3 Nf6 10.cxd4 d5 11.exd5 cxd5 12.Bb5+ Kf8 13.Nc3 Be6 14.a3 h6 15.Bf4 Kg8
16.Rfe1 Kh7 17.Be5 Rhd8 18.h3 Rac8 19.Ba4 Ng8 20.Bb3 Qd7 21.Ba4 Qe7 22.Ne2 Bd7
23.Bb3 Bc6 24.Nc3 Qd7 25.Re3 f6 26.Bh2 Ne7 27.g4 g5 28.Rae1 Ng6 29.Bg3 f5
30.gxf5 Nf4 31.Bxf4 gxf4 32.Re6 Rg8 33.Kf1 Rcf8 34.Bxd5 Rxf5 35.Qe4 Rf8 36.Rxc6  1-0

[Event "Phillips&Drew"]
[Site "London"]
[Date "1982.??.??"]
[Round "?"]
[White "Karpov, Anatoly"]
[Black "Timman, Jan H"]
[Result "1/2-1/2"]
[WhiteElo "2720"]
[BlackElo "2605"]

1.e4 c5 2.Nf3 Nc6 3.d4 cxd4 4.Nxd4 Nf6 5.Nc3 d6 6.Bg5 e6 7.Qd2 Be7 8.O-O-O O-O
9.f4 h6 10.Bh4 e5 11.Nf5 Bxf5 12.exf5 Qa5 13.Kb1 Rfe8 14.g4 exf4 15.Qxf4 d5
16.g5 hxg5 17.Bxg5 d4 18.Bxf6 Bxf6 19.Ne4 Qe5 20.Nxf6+ Qxf6 21.Rg1 Rad8 22.Qg5 Qxg5
23.Rxg5 Re5 24.Bd3 Kf8 25.a3 f6 26.Rh5 b5 27.Rg1 Rd7 28.Rh8+ Kf7 29.Ka2 a6
30.Rg2 Rd8 31.Rh7 Rg8 32.Rg4 Ree8 33.Be4 Ne7 34.c3 dxc3 35.bxc3 a5 36.Kb2 Rd8
37.Kc1 Nd5 38.Rg3 Nf4 39.Kc2 Rde8 40.Bc6 Re2+ 41.Kb3 Re5 42.Rg4 a4+ 43.Kc2 Nd5
44.Rd4 Ne7 45.Rd7 Rxf5 46.Rh3 Rc5 47.Bg2 Re5 48.Bf1 Rc8 49.Rb7 Rcc5 50.c4 Re1
51.Rf3 bxc4 52.Rf4 c3 53.Bc4+ Kg6 54.Bd3+ f5 55.Rc4 Rxc4 56.Bxc4 Re3 57.Ra7 Kg5
58.Bd3 g6 59.Rxa4 Rh3 60.Rd4 f4 61.a4 f3 62.a5 Rxh2+ 63.Kxc3 Ra2 64.Rd7 Nf5
65.a6 f2 66.a7 Ne3 67.Rf7 f1=Q 68.Bxf1 Nxf1 69.Rxf1 Rxa7 70.Rg1+ Kh6 71.Kd4 Re7
72.Rh1+ Kg5 73.Rg1+ Kf6 74.Rf1+ Kg7 75.Rg1 Re2 76.Kd3 Re6 77.Kd4 Kf6 78.Rf1+ Kg5
79.Rg1+ Kf5 80.Rf1+ Kg4 81.Rg1+ Kf4 82.Rf1+ Kg3 83.Kd5 Ra6 84.Ke5 g5 85.Rg1+ Kh4
86.Rh1+ Kg4 87.Rg1+ Kh5 88.Rh1+ Kg6 89.Ke4 Ra3 90.Rh8 Rg3 91.Rh1 Rb3  1/2-1/2

[Event "Phillips&Drew"]
[Site "London"]
[Date "1982.??.??"]
[Round "?"]
[White "Karpov, Anatoly"]
[Black "Short, Nigel D"]
[Result "1/2-1/2"]
[WhiteElo "2720"]
[BlackElo "2430"]

1.e4 e6 2.d4 d5 3.Nc3 Bb4 4.e5 Ne7 5.a3 Bxc3+ 6.bxc3 c5 7.Nf3 b6 8.a4 Ba6
9.Bxa6 Nxa6 10.O-O Nb8 11.Ng5 h6 12.Qh5 g6 13.Qh3 cxd4 14.cxd4 Nbc6 15.Nf3 Kd7
16.c3 Rc8 17.Nd2 Na5 18.Qf3 Rh7 19.Ba3 Nf5 20.Qd3 Qc7 21.Qb5+ Qc6 22.Bb4 Nb7
23.Qa6 Rhh8 24.Rfb1 Ra8 25.Rb3 g5 26.Qd3 Rac8 27.Qb1 Rc7 28.a5 Nxa5 29.Bxa5 bxa5
30.Rxa5 Qa8 31.Ra6 Ke7 32.h3 Rhc8 33.Nf3 Kf8 34.g4 Ne7 35.Qh7 Ng8 36.Rba3 Qb8
37.Kg2 Rxc3 38.Rxa7 R3c7 39.R7a4 Qb2 40.Ra2 Qc1 41.Ra8 Rxa8 42.Rxa8+ Rc8
43.Ra7 Rc7 44.Ra2 Rc8 45.Ra7 Rc7 46.Ra8+ Rc8 47.Rxc8+ Qxc8 48.h4 gxh4 49.g5 Qc1
50.g6 h3+ 51.Kxh3 fxg6 52.Qxg6 Qf4 53.Nh4 Qxf2 54.Qxe6 Qe3+ 55.Kg2 Qg5+  1/2-1/2

[Event "Phillips&Drew"]
[Site "London"]
[Date "1982.??.??"]
[Round "?"]
[White "Karpov, Anatoly"]
[Black "Portisch, Lajos"]
[Result "1-0"]
[WhiteElo "2720"]
[BlackElo "2630"]

1.e4 c5 2.Nf3 d6 3.d4 cxd4 4.Nxd4 Nf6 5.Nc3 a6 6.Be2 e5 7.Nb3 Be7 8.O-O O-O
9.Be3 Be6 10.Qd2 Nbd7 11.a4 Rc8 12.a5 Qc7 13.Rfc1 Qc6 14.Bf3 Bc4 15.Ra4 Rfd8
16.Rb4 Qc7 17.Nd5 Nxd5 18.exd5 f5 19.Be2 Bxb3 20.Rxb3 f4 21.Bb6 Nxb6 22.Rxb6 Bg5
23.Bg4 Rb8 24.Re1 Qc5 25.Re4 Rf8 26.b4 Qc7 27.c4 Kh8 28.c5 dxc5 29.d6 Qd8
30.bxc5 f3 31.Qd5 fxg2 32.Rxe5 Qf6 33.Rf5 Qa1+ 34.Kxg2 Bf6 35.d7 Qxa5 36.Rxb7 Rxb7
37.Qxb7 Qd8 38.c6 a5 39.c7 Qxd7 40.Rf4  1-0

[Event "Phillips&Drew"]
[Site "London"]
[Date "1982.??.??"]
[Round "?"]
[White "Karpov, Anatoly"]
[Black "Mestel, A Jonathan"]
[Result "1-0"]
[WhiteElo "2720"]
[BlackElo "2500"]

1.e4 c5 2.Nf3 d6 3.d4 cxd4 4.Nxd4 Nf6 5.Nc3 g6 6.Be3 Bg7 7.f3 O-O 8.Qd2 Nc6
9.g4 Nxd4 10.Bxd4 Be6 11.Nd5 Bxd5 12.exd5 Rc8 13.h4 Qc7 14.Rh2 e5 15.dxe6 fxe6
16.h5 Qc6 17.O-O-O Qxf3 18.hxg6 hxg6 19.Bg2 Ne4 20.Bxf3 Nxd2 21.Bxb7 Bxd4
22.Bxc8 Rxc8 23.Kxd2 Bxb2 24.Rb1 Bc3+ 25.Kd3 Be5 26.Rf2 Rc3+ 27.Kd2 Rc7 28.g5 d5
29.Rb8+ Kg7 30.Re8 Bc3+ 31.Kd1 Bd4 32.Rf3 Rf7 33.Rxf7+ Kxf7 34.Rc8 e5 35.Ke2 Bb6
36.Rc6 Bd8 37.Rd6 Bb6 38.a4 Bg1 39.a5 Bd4 40.Kd3  1-0

[Event "Phillips&Drew"]
[Site "London"]
[Date "1982.??.??"]
[Round "?"]
[White "Geller, Efim P"]
[Black "Timman, Jan H"]
[Result "1/2-1/2"]
[WhiteElo "2575"]
[BlackElo "2605"]

1.e4 c5 2.Nf3 Nc6 3.d4 cxd4 4.Nxd4 Nf6 5.Nc3 d6 6.Be2 g6 7.Be3 Bg7 8.O-O O-O
9.Qd2 Ng4 10.Bxg4 Bxg4 11.Nd5 Be6 12.c3 Ne5 13.Bh6 Bxh6 14.Qxh6 Bxd5 15.exd5 Qa5
16.f4 Nd7 17.Rae1 Rae8 18.f5 Qxd5 19.Ne6 fxe6 20.fxg6  1/2-1/2

[Event "Phillips&Drew"]
[Site "London"]
[Date "1982.??.??"]
[Round "?"]
[White "Geller, Efim P"]
[Black "Spassky, Boris V"]
[Result "1/2-1/2"]
[WhiteElo "2575"]
[BlackElo "2605"]

1.e4 d6 2.d4 Nf6 3.Nc3 g6 4.Nf3 Bg7 5.Be2 O-O 6.O-O Bg4 7.Be3 Nc6 8.Qd2 Re8
9.Rfe1 a6 10.Rad1 e5 11.dxe5 Nxe5 12.Nxe5 dxe5 13.Qc1 Qc8 14.Bxg4 Qxg4 15.f3 Qe6
16.Qd2 Bf8 17.Nd5 Nxd5 18.Qxd5 Qxd5 19.Rxd5 Rad8 20.Red1 Rxd5 21.Rxd5 Bd6
22.c4 f6 23.c5 Bf8 24.Rd7 Re7 25.Rd8 Kf7 26.c6 bxc6 27.Ra8 Rd7 28.Ra7 Rd1+
29.Kf2 Bd6 30.Rxa6 Rb1 31.b3 Rb2+ 32.Kf1 f5 33.h3 h5 34.Rxc6 Rxa2 35.Rc3 Ke6
36.g4 f4 37.Bf2 Ra1+ 38.Kg2 Rd1 39.Rc2 Rb1 40.Rc3 Kd7 41.gxh5 gxh5 42.Bc5 Rb2+
43.Kg1 Ke6 44.Bxd6 cxd6 45.h4  1/2-1/2

[Event "Phillips&Drew"]
[Site "London"]
[Date "1982.??.??"]
[Round "?"]
[White "Geller, Efim P"]
[Black "Christiansen, Larry Mark"]
[Result "1/2-1/2"]
[WhiteElo "2575"]
[BlackElo "2585"]

1.e4 c6 2.d4 d5 3.Nd2 dxe4 4.Nxe4 Bf5 5.Ng3 Bg6 6.h4 h6 7.Nf3 Nd7 8.h5 Bh7
9.Bd3 Bxd3 10.Qxd3 Qc7 11.Bd2 Ngf6 12.O-O-O e6 13.Ne4 Be7 14.Kb1 c5 15.Nxf6+ Nxf6
16.dxc5 O-O 17.g4 Rfd8 18.Qe2 Qxc5 19.Ne5 Rac8 20.Bc1 Qb4 21.a3  1/2-1/2

[Event "Phillips&Drew"]
[Site "London"]
[Date "1982.??.??"]
[Round "?"]
[White "Christiansen, Larry Mark"]
[Black "Timman, Jan H"]
[Result "1/2-1/2"]
[WhiteElo "2585"]
[BlackElo "2605"]

1.e4 c5 2.Nf3 Nc6 3.Bb5 e6 4.O-O Nge7 5.Nc3 Nd4 6.Nxd4 cxd4 7.Ne2 Qb6 8.Ba4 Nc6
9.d3 Be7 10.c3 dxc3 11.bxc3 O-O 12.Be3 Qc7 13.c4 b6 14.Bxc6 dxc6 15.a4 Bd7
16.Qc2 Bf6 17.Bf4 Be5 18.Bxe5 Qxe5 19.d4 Qc7 20.Rfd1 e5 21.c5 Rfd8 22.h3 h6
23.Rac1 Rab8 24.Qc3 exd4 25.Nxd4 bxc5 26.Nb3 Be8 27.Nxc5 Qe7 28.f4 Qh4 29.Rf1 Rd6
30.f5 Qg5 31.Rf3 Qd2 32.Rg3 Qxc3 33.Rcxc3 Rb1+ 34.Kh2 Kf8 35.e5 Rdd1 36.Rge3 h5
37.Kg3 Rd4 38.Red3 h4+ 39.Kf2 Rf4+ 40.Rf3 Rfb4 41.g4 hxg3+ 42.Kxg3 R4b2 43.f6 Rg1+
44.Kf4 Rb4+ 45.Ke3 Rg5 46.e6 gxf6 47.Rxf6 Rg3+ 48.Rf3 Rxf3+ 49.Kxf3 f5 50.Nd3 Rxa4
51.Nf4 Ke7 52.h4 Ra1 53.h5 a5 54.h6 Rh1 55.Ra3 Rxh6 56.Rxa5 Kf6 57.Ra8 Rh8
58.Ke3 Kg5 59.Rb8 Rg8 60.Ra8 Kf6 61.Kd4 Rg4 62.Ke3 Ke7 63.Ra7+ Kd6 64.Ra8 Rg3+
65.Kf2 Rg4 66.Kf3 Rg8 67.Ke3 Ke7 68.Ra7+ Kf6 69.Ra8 Bf7 70.Ra6 Be8 71.Ra8  1/2-1/2

[Event "Phillips&Drew"]
[Site "London"]
[Date "1982.??.??"]
[Round "?"]
[White "Christiansen, Larry Mark"]
[Black "Karpov, Anatoly"]
[Result "1/2-1/2"]
[WhiteElo "2585"]
[BlackElo "2720"]

1.d4 Nf6 2.Nf3 e6 3.c4 d5 4.Nc3 Be7 5.Bg5 h6 6.Bh4 O-O 7.Rc1 dxc4 8.e3 c5
9.Bxc4 cxd4 10.exd4 Nc6 11.O-O Nh5 12.Bxe7 Nxe7 13.Re1 Nf6 14.Ne5 Bd7 15.Qb3 Rb8
16.Rcd1 b5 17.Nxd7 Nxd7 18.Bd3 Nf6 19.Bb1 a6 20.Ne4 Ned5 21.g3 Rb6 22.Nc5 Rc6
23.a3 Qb6 24.Qd3 Rd8 25.b4 Rc7 26.Qd2 Ra8 27.Rc1 a5 28.bxa5 Qxa5 29.Qxa5 Rxa5
30.Bd3 g5 31.Rb1 Rxa3 32.Bxb5 Nc3 33.Rb2 Nxb5 34.Rxb5 Ra2 35.Reb1 Rd2 36.Rb8+ Kg7
37.R1b7 Rxb7 38.Rxb7 Kg6 39.Nd7 Nxd7 40.Rxd7 h5 41.h3 h4 42.gxh4 gxh4 43.Kg2 Rd3
44.Kh2 Kg7 45.Rd8  1/2-1/2

[Event "Phillips&Drew"]
[Site "London"]
[Date "1982.??.??"]
[Round "?"]
[White "Ljubojevic, Ljubomir"]
[Black "Karpov, Anatoly"]
[Result "1/2-1/2"]
[WhiteElo "2645"]
[BlackElo "2720"]

1.e4 e5 2.Nf3 Nc6 3.Bb5 a6 4.Ba4 Nf6 5.O-O Be7 6.Re1 b5 7.Bb3 O-O 8.a4 Bb7
9.d3 d6 10.Nc3 Na5 11.Ba2 b4 12.Ne2 c5 13.c3 bxc3 14.bxc3 c4 15.Ng3 cxd3
16.Qxd3 Bc8 17.Bg5 Nb7 18.Nd2 Nc5 19.Qc2 Bd7 20.Bxf6 Bxf6 21.Bd5 Rb8 22.Nc4 Qc7
23.a5 Rfd8 24.Nb6 Bb5 25.Qd2 h6 26.Nf5 Bg5 27.Qd1 Kh7 28.h4 Bf6 29.Qh5 Ne6
30.g3 Be8 31.Re3 Be7 32.Qe2 Bf8 33.h5 Nc5 34.Rf3 Be7 35.Bc4 Bg5 36.Ne3  1/2-1/2

[Event "Phillips&Drew"]
[Site "London"]
[Date "1982.??.??"]
[Round "?"]
[White "Mestel, A Jonathan"]
[Black "Geller, Efim P"]
[Result "1/2-1/2"]
[WhiteElo "2500"]
[BlackElo "2575"]

1.e4 e5 2.Nf3 Nc6 3.Bb5 a6 4.Ba4 Nf6 5.O-O Be7 6.Bxc6 dxc6 7.d3 Nd7 8.Nbd2 O-O
9.Nc4 f6 10.Nh4 Nc5 11.Qf3 Rf7 12.Qg3 Ne6 13.Nf5 Kh8 14.Nxe7 Rxe7 15.f4 exf4
16.Bxf4 Nxf4 17.Rxf4 Be6 18.e5 Bxc4 19.exf6  1/2-1/2

[Event "Phillips&Drew"]
[Site "London"]
[Date "1982.??.??"]
[Round "?"]
[White "Mestel, A Jonathan"]
[Black "Ljubojevic, Ljubomir"]
[Result "1/2-1/2"]
[WhiteElo "2500"]
[BlackElo "2645"]

1.e4 c5 2.Nf3 d6 3.Nc3 a6 4.d4 cxd4 5.Nxd4 e6 6.Be2 b5 7.f4 b4 8.Nb1 Bb7
9.Bf3 Nd7 10.O-O Ngf6 11.Qe2 e5 12.Nb3 a5 13.Rf2 Be7 14.a4 O-O 15.c4 Bc6
16.Qc2 Qb6 17.f5 Bd8 18.Qd3 Qb7 19.Re2 Bb6+ 20.Kh1 Rad8 21.N1d2 Nc5 22.Nxc5 dxc5
23.Qc2 Qd7 24.Re3 Qd6 25.Nf1 h6 26.b3 Rd7 27.Bb2 Rfd8 28.Kg1 Bc7 29.Rae1 Bb8
30.g3 Qc7 31.Qe2 Qb7 32.Qc2 Bc7 33.Qe2 Re8 34.Qc2 Qa8 35.R3e2 Qd8 36.Bg2 Qa8
37.h3 Red8 38.Re3 Rd4 39.Bxd4 cxd4 40.Rd3 Nxe4 41.Nd2 Ng5 42.Bxc6 Qxc6 43.Ne4 Qxe4
44.Rxe4 Nxe4 45.Qg2 Nc3 46.Qc6 e4 47.Rxd4 Rxd4 48.Qe8+ Kh7 49.Qxf7 Rd1+ 50.Kg2 Rd2+
51.Kf1 Rd1+ 52.Kg2  1/2-1/2

[Event "Phillips&Drew"]
[Site "London"]
[Date "1982.??.??"]
[Round "?"]
[White "Mestel, A Jonathan"]
[Black "Portisch, Lajos"]
[Result "1-0"]
[WhiteElo "2500"]
[BlackElo "2630"]

1.e4 c5 2.Nf3 e6 3.d4 cxd4 4.Nxd4 a6 5.c4 Nf6 6.Nc3 Bb4 7.Bd3 Nc6 8.Bc2 Qc7
9.O-O O-O 10.Kh1 Nxd4 11.Qxd4 Ng4 12.f4 b5 13.Qd1 Nf6 14.e5 Ne8 15.Ne4 Bb7
16.cxb5 axb5 17.Be3 f6 18.exf6 Nxf6 19.Nxf6+ Rxf6 20.Rc1 Bc6 21.Bd4 Rh6 22.Bxg7 Bxg2+
23.Kxg2 Qb7+ 24.Rf3 Kxg7 25.Qd4+ Kf7 26.Be4 d5 27.Rg3 Rg8 28.Qe5 Ba5 29.Bf3 Qb8
30.Bh5+ Rhg6 31.Rc6 Qe8 32.Ra6 Qc8 33.Ra7+  1-0

[Event "Phillips&Drew"]
[Site "London"]
[Date "1982.??.??"]
[Round "?"]
[White "Mestel, A Jonathan"]
[Black "Short, Nigel D"]
[Result "1-0"]
[WhiteElo "2500"]
[BlackElo "2430"]

1.e4 e6 2.d3 d5 3.Nd2 b6 4.Ngf3 Be7 5.g3 dxe4 6.dxe4 a5 7.b3 Nf6 8.Bb2 O-O
9.Bg2 Ba6 10.c4 Nfd7 11.O-O Nc5 12.e5 Bb7 13.Nd4 Bxg2 14.Kxg2 Nd3 15.Bc3 Bb4
16.Bxb4 Nxb4 17.N2f3 N8c6 18.a3 Nxd4 19.Nxd4 Na6 20.Nc6 Qe8 21.Qf3 Rc8 22.Rad1 f6
23.b4 axb4 24.axb4 fxe5 25.Qe4 Nb8 26.Nxe5 Rd8 27.Rxd8 Qxd8 28.Re1 Qd6 29.Nf3 Re8
30.Ng5 g6 31.Qh4 Qd7 32.Ne4 Qc6 33.b5 Qb7 34.Rd1 Rf8 35.Kg1  1-0

[Event "Phillips&Drew"]
[Site "London"]
[Date "1982.??.??"]
[Round "?"]
[White "Short, Nigel D"]
[Black "Geller, Efim P"]
[Result "1/2-1/2"]
[WhiteElo "2430"]
[BlackElo "2575"]

1.e4 c5 2.Nf3 e6 3.c3 d5 4.exd5 Qxd5 5.d4 Nf6 6.Bd3 Be7 7.O-O O-O 8.c4 Qd8
9.dxc5 Na6 10.Nc3 Nxc5 11.Bc2 Qxd1 12.Rxd1 b6 13.Nd4 Bb7 14.f3 Rfd8 15.Be3 g6
16.Nde2 e5 17.Ng3 Rac8 18.Rxd8+ Rxd8 19.Rd1 Rxd1+ 20.Nxd1 Ne6 21.Nc3 Bc5
22.Bxc5 bxc5 23.Nge4 Nxe4 24.Bxe4 Bxe4 25.Nxe4 f5 26.Nd6 Kf8 27.Kf2 a6 28.Ke3 Ke7
29.Nc8+ Kd7 30.Nb6+ Kd6 31.Nd5 h5 32.a3 a5 33.Nc3  1/2-1/2

[Event "Phillips&Drew"]
[Site "London"]
[Date "1982.??.??"]
[Round "?"]
[White "Short, Nigel D"]
[Black "Portisch, Lajos"]
[Result "0-1"]
[WhiteElo "2430"]
[BlackElo "2630"]

1.e4 c5 2.Nf3 e6 3.b3 a6 4.Bb2 Nc6 5.Be2 Nf6 6.e5 Nd5 7.O-O Be7 8.Nc3 Nf4
9.Ne4 Qc7 10.Re1 O-O 11.Bf1 Ng6 12.Re3 h6 13.Ng3 d6 14.exd6 Bxd6 15.Ne4 Be7
16.d4 Rd8 17.Rd3 cxd4 18.Nxd4 Nce5 19.Rd2 b5 20.Nf3 Nxf3+ 21.Qxf3 Rxd2 22.Nxd2 Bb7
23.Qd1 Rd8 24.Bd3 Nf4 25.Qg4 Bf8 26.Ne4 Bxe4  0-1

[Event "Phillips&Drew"]
[Site "London"]
[Date "1982.??.??"]
[Round "?"]
[White "Spassky, Boris V"]
[Black "Karpov, Anatoly"]
[Result "0-1"]
[WhiteElo "2605"]
[BlackElo "2720"]

1.e4 e5 2.Nf3 Nc6 3.Bb5 a6 4.Ba4 Nf6 5.O-O Be7 6.Re1 b5 7.Bb3 O-O 8.a4 Bb7
9.d3 d6 10.Nc3 b4 11.Ne2 Na5 12.Ba2 Rb8 13.Ng3 c5 14.Nf5 b3 15.Bxb3 Nxb3
16.cxb3 Bc8 17.Ne3 Be6 18.Ra3 Ng4 19.Nc4 f5 20.Qe2 f4 21.Bd2 Qd7 22.Rc1 Nh6
23.b4 cxb4 24.Raa1 Nf7 25.d4 Bg4 26.dxe5 Bxf3 27.Qxf3 dxe5 28.Qb3 Qd4 29.Rc2 Qxe4
30.Na5 Rb6 31.Re1 Qd4 32.Bc1 Qd7 33.Nc4 Re6 34.Rce2 Qd5 35.Bxf4 Nd6 36.Bxe5 Qxc4
37.Qh3 Nf7 38.b3 Qd5  0-1

[Event "Phillips&Drew"]
[Site "London"]
[Date "1982.??.??"]
[Round "?"]
[White "Timman, Jan H"]
[Black "Ljubojevic, Ljubomir"]
[Result "0-1"]
[WhiteElo "2605"]
[BlackElo "2645"]

1.e4 c5 2.Nf3 d6 3.d4 cxd4 4.Nxd4 Nf6 5.Nc3 a6 6.Be3 e6 7.f4 Qc7 8.Qf3 b5
9.a3 Nbd7 10.Bd3 Be7 11.g4 g5 12.fxg5 Ne5 13.Qg3 Nfxg4 14.Bf4 h6 15.g6 fxg6
16.Be2 Qd8 17.h4 h5 18.O-O-O Qb6 19.Bxe5 Nxe5 20.Bf1 b4 21.axb4 Qxb4 22.Bh3 Rb8
23.Nxe6 Bxe6 24.Bxe6 Qxb2+ 25.Kd2 Rb4 26.Ne2 Rxe4 27.Bb3 d5 28.Rdf1 Bb4+
29.Kd1 Rd4+ 30.Nxd4 Qxd4+  0-1

[Event "Phillips&Drew"]
[Site "London"]
[Date "1982.??.??"]
[Round "?"]
[White "Timman, Jan H"]
[Black "Mestel, A Jonathan"]
[Result "1-0"]
[WhiteElo "2605"]
[BlackElo "2500"]

1.e4 c5 2.Nf3 d6 3.d4 cxd4 4.Nxd4 Nf6 5.Nc3 g6 6.Be3 Bg7 7.f3 Nc6 8.Qd2 O-O
9.O-O-O d5 10.Nxc6 bxc6 11.Bh6 Qa5 12.Bxg7 Kxg7 13.exd5 cxd5 14.g4 Bb7 15.g5 Nh5
16.Qd4+ Kg8 17.Qe5 Rac8 18.Rxd5 Qc7 19.Qxc7 Rxc7 20.Rd3 f6 21.gxf6 Rxf6 22.Rd8+ Kg7
23.Nb5 Rc5 24.Nd4 Bxf3 25.Nxf3 Rxf3 26.b4 Rc7 27.a4 Rfc3 28.Rd2 e5 29.Kb2 Nf6
30.Bb5 e4 31.Rhd1 Rh3 32.Bf1 Rh4 33.c4 e3 34.Rc2 Ne4 35.a5 Nd2 36.Rdxd2 exd2
37.Rxd2 Rf4 38.Bd3 Kf6 39.Kc3 Ke7 40.b5 Rf6 41.Be4 Rf1 42.Bc6 Rf6 43.Bd5 Kd8
44.Kb4 Re7 45.Kc5 Kc7 46.Rb2 Re1 47.b6+ Kb8 48.Kb5 axb6 49.axb6 Rff1 50.Ra2 Ra1
51.Rxa1 Rxa1 52.c5 Rb1+ 53.Kc6 g5 54.Kd7 Rb5 55.Kd6 g4 56.Bf7 Kb7 57.Bd5+ Kb8
58.c6 Rxb6 59.Kd7 Rxc6 60.Kxc6 h5 61.Be6 Ka7 62.Bc8 Kb8 63.Bf5 Ka7 64.Kd6 Kb6
65.Ke5 Kc7 66.Kf6 Kd8 67.Kf7 Kc7 68.Kg6 h4 69.Bxg4 Kd8 70.Kf7 Kc7 71.Ke6 Kc6
72.Bf3+ Kc7 73.Bd5 Kd8 74.Bc6 Kc7 75.Bd7 Kb6 76.Kd6 Kb7 77.Bb5 Kb8 78.Kd7 Kb7
79.Bc6+ Kb6 80.Kd6 Ka6 81.Kc5 Ka7 82.Bd5 Kb8 83.Kd6 Kc8 84.Bc6 Kb8 85.Kd7 Ka7
86.Kc7 Ka6 87.Bd7 Ka5 88.Kc6 Kb4 89.Kd5 Kc3 90.Bb5 Kb4 91.Kc6 Kb3 92.Kc5 Kc3
93.h3 Kb3 94.Bc6 Kc3 95.Bd5 Kd3 96.Bg2 Kc3 97.Bf1 Kb3 98.Bb5 Kc3 99.Bc4 Kb2
100.Kb4 Kc2 101.Bf1 Kd2 102.Kc4 Ke1 103.Bd3 Kf2 104.Kd5 Kg3 105.Bf5 Kf4 106.Ke6 Kg5
107.Bd3 Kh5 108.Kf6 Kh6 109.Be4 Kh5 110.Kg7 Kg5 111.Bg6 Kf4 112.Kf6 Kg3 113.Bf5 Kf4
114.Bd3 Ke3 115.Kg5  1-0

[Event "Phillips&Drew"]
[Site "London"]
[Date "1982.??.??"]
[Round "?"]
[White "Timman, Jan H"]
[Black "Short, Nigel D"]
[Result "1-0"]
[WhiteElo "2605"]
[BlackElo "2430"]

1.d4 Nf6 2.c4 e6 3.Nf3 b6 4.a3 Bb7 5.Nc3 d5 6.cxd5 Nxd5 7.e3 g6 8.Nxd5 Qxd5
9.Qc2 Qd8 10.e4 Bg7 11.Bg5 Qd7 12.Bc4 O-O 13.O-O Nc6 14.Rad1 Ne7 15.Ne5 Qd6
16.Bf4 Qd8 17.Rfe1 Kh8 18.Bg3 a6 19.Bb3 Rc8 20.Ba4 f5 21.f3 f4 22.Bh4 b5
23.Bb3 Qd6 24.Kh1 Ng8 25.Ng4 c5 26.e5 Qb6 27.dxc5 Rxc5 28.Qf2 Qc7 29.Bd8 Rxd8
30.Rxd8 h5 31.Re8 Bd5 32.Bxd5 Rc2 33.Qh4 exd5 34.Nf6  1-0